From fence to wall? Changes in the mental space of border zones in Eastern Europe

Resumen. After September 2001, but particularly after the events of 2015 and 2016, the geopolitical situation of the world was radically changed. New hot spots were created, including the European migrant crisis and its local manifestations. In this paper, we focus on the Serbian-Hungarian border wh...

Teljes leírás

Elmentve itt :
Bibliográfiai részletek
Szerzők: Székely Andrea
Kotosz Balázs Gyula
Dokumentumtípus: Cikk
Megjelent: 2018
Sorozat:REGIONAL SCIENCE POLICY & PRACTICE 10 No. 4
Tárgyszavak:
doi:10.1111/rsp3.12120

mtmt:3365837
Online Access:http://publicatio.bibl.u-szeged.hu/37638
LEADER 01488nab a2200229 i 4500
001 publ37638
005 20250908091552.0
008 250908s2018 hu o 000 eng d
022 |a 1757-7802 
024 7 |a 10.1111/rsp3.12120  |2 doi 
024 7 |a 3365837  |2 mtmt 
040 |a SZTE Publicatio Repozitórium  |b hun 
041 |a eng 
100 1 |a Székely Andrea 
245 1 5 |a From fence to wall? Changes in the mental space of border zones in Eastern Europe  |h [elektronikus dokumentum] /  |c  Székely Andrea 
260 |c 2018 
300 |a 269-282 
490 0 |a REGIONAL SCIENCE POLICY & PRACTICE  |v 10 No. 4 
520 3 |a Resumen. After September 2001, but particularly after the events of 2015 and 2016, the geopolitical situation of the world was radically changed. New hot spots were created, including the European migrant crisis and its local manifestations. In this paper, we focus on the Serbian-Hungarian border where the fence building has turned this research relevant. Through a survey including mapping the mental cognition of borders, we monitor the hypothesis that the closedness of the border has appeared in the minds of the local population, but their security perception has not increased significantly. Persisting asymmetries and polarized revelations are the landmarks of the changing border zone. 
650 4 |a Közgazdasági és gazdálkodástudományok 
700 0 1 |a Kotosz Balázs Gyula  |e aut 
856 4 0 |u http://publicatio.bibl.u-szeged.hu/37638/1/document.pdf  |z Dokumentum-elérés